|
|
|
|
| LEADER |
00000nas a2200000 i 4500 |
| 001 |
ssj0001073695 |
| 003 |
WaSeSS |
| 005 |
20200512172242.0 |
| 006 |
m d |
| 007 |
cr n |
| 008 |
131227c20uu9999ii m| p|s|||||| |0eng d |
| 035 |
|
|
|a (WaSeSS)ssj0001073695
|
| 040 |
|
|
|a WaSeSS
|b eng
|c WaSeSS
|d WaSeSS
|
| 050 |
1 |
4 |
|a RK1
|
| 245 |
0 |
0 |
|a Guident
|h [electronic resource].
|
| 260 |
|
|
|a New Delhi, India :
|b Guident
|
| 310 |
|
|
|a Monthly
|
| 506 |
|
|
|a License restrictions may limit access.
|
| 588 |
|
|
|a Description based on: Volume 5 (8) (July 2012); title from title screen (ProQuest, viewed Dec. 20, 2013).
|
| 588 |
|
|
|a Latest issue consulted: Volume 6 (12) (November 2013) (viewed Dec. 20, 2013).
|
| 650 |
|
0 |
|a Dentistry
|v Periodicals.
|
| 650 |
|
0 |
|a Dental care
|v Periodicals.
|
| 650 |
|
0 |
|a Teeth
|x Care and hygiene
|v Periodicals.
|
| 655 |
|
0 |
|a Electronic journals.
|
| 776 |
0 |
8 |
|i Print version:
|t Guident
|x 0976-2248
|
| 856 |
4 |
0 |
|z Full text available from Research Library: 07/01/2012 to present
|u https://search.proquest.com/publication/1606356
|